000 00407nam a2200157 a 4500
082 0 0 _a291
_bGOR
100 _aGordon, E A
245 _aAsian Christology and the Mahayana
260 _aTokyo, Japan
_bMaruzen and Company, Ltd
_c1921
300 _a334p
500 _aincludes index and biblioraphy
505 2 _aIndex
650 _aComparative Religion-Chris & Budhis
700 1 _aGordon, E A
942 _cBK
999 _c5216
_d5216